|
|
|
|
| LEADER |
00000cas a2200000 a 4500 |
| 001 |
vtls009086641 |
| 003 |
SK-MaSNL |
| 005 |
20260228160301.0 |
| 008 |
070813d19401950xr br 0 0cze c |
| 022 |
|
|
|a 2533-7246
|
| 040 |
|
|
|a SNK
|b slo
|c SNK
|e AACR2
|
| 041 |
0 |
|
|a cze
|a ger
|
| 044 |
|
|
|a xr
|c CZ
|
| 072 |
|
7 |
|a 626/627
|x Vodné staviteľstvo. Vodné hospodárstvo
|2 konspekt
|
| 080 |
|
|
|a 626.1+626.9
|2 2011
|
| 080 |
|
|
|a (051)
|2 2011
|
| 080 |
|
|
|a 050
|2 2011
|
| 210 |
0 |
|
|a Plav. cesty Dunaj - Odra - Labe
|
| 222 |
|
0 |
|a Plavební cesty Dunaj - Odra - Labe
|
| 245 |
0 |
0 |
|a Plavební cesty Dunaj-Odra-Labe
|
| 246 |
1 |
1 |
|a Schiftfahrtswege Donau-Oder-Elbe
|
| 260 |
|
|
|a Praha
|b Společnost dunajsko-oderského průplavu
|c 1940-1950
|
| 300 |
|
|
|a 11 zv.
|c cm
|
| 310 |
|
|
|a 6x ročne
|
| 500 |
|
|
|a Roč. 1 (1940)-roč. 11 (1950)
|
| 500 |
|
|
|a Roč. 1 má súbežný názov a text v nemčine, neskôr vychádza nemecká verzia samostatne
|
| 650 |
0 |
7 |
|a plavebné kanály
|2 SNKPH
|9 150944
|
| 655 |
|
7 |
|a časopisy
|2 SNKPH
|9 76610
|
| 910 |
|
|
|a snk
|
| 999 |
|
|
|c 2052
|d 3982
|
| 952 |
|
|
|0 0
|1 1
|4 0
|7 0
|a SNK
|b SNK
|d 2007-08-13
|i snk 559/50
|l 0
|o snkČB 700/10/1949
|p 17A0557670
|r 2026-02-21 21:00:41
|t č. 1-6
|w 2026-02-21
|y PREZ
|